000 00315 a2200145 4500
001 185390
020 _a
040 _cMagnum
100 _aRegina, Tia
240 1 0 _aSapucaia-oroca / o urutau
_lpor
245 1 0 _aSapucaia-oroca / o urutau
300 _a15
697 _aLITERATURA INFANTO-JUVENIL
942 _cBK
999 _c185390
_d185390